| 000 | 00610nam a2200217Ia 4500 | ||
|---|---|---|---|
| 003 | GCL | ||
| 008 | 140319s9999 xx 000 0 eng d | ||
| 040 |
_aGCL / _cGCL |
||
| 082 | 0 | 4 |
_a194 _bC H |
| 100 | 1 | _aCOMTE, AUGUSTE | |
| 245 | 1 | 0 |
_aLECONS SUR LA SOCIOLOGIE: COURSE DE PHILOSOPHIES POSITIVE LECONS 47 A 51 / _cCOMTE, AUGUSTE |
| 700 | 1 | _aGRANGE, JULIETTE | |
| 260 |
_a[S.N] : _bGF - FLAMMARION ، _c1995 |
||
| 300 | _a402 P | ||
| 650 | 0 | 4 | _aCOMTE, AUGUSTE |
| 650 | 0 | 4 | _aPHILOSOPHY |
| 650 | 0 | 4 | _aFRENCH PHILOSOPHY |
| 650 | 0 | 4 | _aFRENCH PHILOSOPHERS |
| 650 | 0 | 4 | _aCOMTE, PHILOSOPHER |
| 942 |
_2ddc _cBK |
||
| 999 |
_c16280 _d16280 |
||